La enseñanza de la historia de la veterinaria como disciplina académica (Record no. 187094)

MARC details
000 -LEADER
campo de control de longitud fija 01045nam a2200217 i 4500
001 - NÚMERO DE CONTROL
campo de control 187094
003 - IDENTIFICADOR DE NÚMERO DE CONTROL
campo de control ES-MaACL
005 - FECHA Y HORA DE LA ÚLTIMA TRANSACCIÓN
campo de control 20250815115228.0
008 - DATOS DE LONGITUD FIJA--INFORMACIÓN GENERAL
campo de control de longitud fija 170412s1996 sp ah |||| | spa d
080 ## - NÚMERO DE LA CLASIFICACIÓN DECIMAL UNIVERSAL
Número de la Clasificación Decimal Universal 636.09
100 1# - ENTRADA PRINCIPAL--NOMBRE DE PERSONA
Nombre de persona Vives Vallés, Miguel Ángel.
9 (RLIN) 162372
245 13 - MENCIÓN DEL TÍTULO
Título La enseñanza de la historia de la veterinaria como disciplina académica
Resto del título : discurso leído el 8 de mayo de 1996, en... la recepción pública como académico correspondiente por... D. Miguel Ángel Vives Villés ; y discurso de presentación a cargo del académico numerario... D. José Manuel Pérez y García.
246 3# - FORMA VARIANTE DEL TITULO
Texto de visualización Precede al tít.
Título propio/Titulo breve Instituto de España. Real Academia de Ciencias Veterinarias
260 ## - PUBLICACIÓN, DISTRIBUCIÓN, ETC.
Lugar de publicación, distribución, etc. [S.l. :
Nombre del editor, distribuidor, etc. S.n.,
Fecha de publicación, distribución, etc. 1996] (
Lugar de fabricación/manufactura Cáceres :
Fabricante Imp. Tomás Rodríguez)
300 ## - DESCRIPCIÓN FÍSICA
Extensión 72 p. ;
Dimensiones 23 cm.
650 #7 - PUNTO DE ACCESO ADICIONAL DE MATERIA--TÉRMINO DE MATERIA
Término de materia o nombre geográfico como elemento de entrada Veterinaria
Fuente del encabezamiento o término embne
9 (RLIN) 138773
700 1# - ENTRADA AGREGADA--NOMBRE PERSONAL
Nombre de persona Pérez García, José Manuel,
Fechas asociadas al nombre 1936-
9 (RLIN) 162373
710 2# - ENTRADA AGREGADA--NOMBRE DE ENTIDAD CORPORATIVA
Nombre de entidad corporativa o nombre de jurisdicción como elemento de entrada Real Academia de Ciencias Veterinarias de Madrid.
9 (RLIN) 6300
852 ## - LOCALIZACIÓN
Ubicación ES-MaACL
Número de control de estantería L-31416
Holdings
Estatus retirado Estado de pérdida Estado de daño No para préstamo Biblioteca de origen Biblioteca actual Ubicación en estantería Fecha de adquisición Fuente de adquisición Total de préstamos Signatura topográfica completa Código de barras Visto por última vez Precio de reemplazo Tipo de ítem Koha
        Biblioteca del Ateneo de Madrid Biblioteca del Ateneo de Madrid Depósito 2 12/04/2017     L-31416 1197382 23/02/2023 23/02/2023 Libro impreso